000 00521cam a2200193ua 4500
001 9380
008 150821n ii |||gr||||Z||||||eng
020 _a8121910366
040 _cMAIN
041 _aeng
082 _a301
100 _aRao, C N Shankar,
_eAuthor.
245 1 _aSociology :
_bprinciples of sociology with an introduction to social thought /
_cby C N Shankar Rao .
250 _aRep.ed.
260 _aNew Delhi:
_bS Chand,
_c2007.
300 _a891p.
653 _aSociology & anthropology
942 _cBK
999 _c8438
_d8438